A biztosítási alkuszok szerepe a hazai biztosítási piacon
Elmentve itt :
| Szerző: | |
|---|---|
| További közreműködők: | |
| Dokumentumtípus: | Szakdolgozat |
| Megjelent: |
2008
|
| Tárgyszavak: | |
| Online Access: | http://diploma.bibl.u-szeged.hu/34091 |
| LEADER | 00599nta a2200157 i 4500 | ||
|---|---|---|---|
| 001 | dipl34091 | ||
| 005 | 20130314093951.0 | ||
| 008 | 110818s2008 hu om 0|| zxx d | ||
| 040 | |a SZTE Diploma Repozitórium |b hun | ||
| 041 | |a zxx | ||
| 100 | 2 | |a Török Zoltánné Ozsvárt Krisztina | |
| 245 | 1 | 2 | |a A biztosítási alkuszok szerepe a hazai biztosítási piacon |h [elektronikus dokumentum] / |c Krisztina Török Zoltánné Ozsvárt |
| 260 | |c 2008 | ||
| 650 | 4 | |a Gazdaságtudományok | |
| 700 | 1 | |a Schneider Klára |e ths | |
| 856 | 4 | 0 | |u http://diploma.bibl.u-szeged.hu/id/eprint/34091/1/szakdolgozat.pdf |z Dokumentum-elérés |